Turkish players in Premier League (2000-) - Statistics

General Stats
  • This quiz has been taken 48 times
  • The average score is 10 of 25
Answer Stats
Ranking Player Positions Nationality Matches Goals (assists) Periods Clubs % Correct
4 Çağlar Söyüncü DF 98 4 (1) 2018-2023
88%
7 Cenk Tosun MF, FW 55 10 (3) 2017-2022
88%
12 Ozan Kabak DF 20 0 (0) 2020-2022
85%
8 Enes Ünal MF, FW 33 4 (3) 2023-2025
80%
22 Altay Bayındır GK 4 0 (0) 2024-2025
78%
20 Ferdi Kadioglu DF, MF 6 1 (0) 2024-2025
76%
18 Nuri Şahin MF 7 1 (1) 2012-2013
61%
16 Cengiz Ünder DF, MF, FW 9 0 (2) 2020-2021
56%
5 Emre Belözoğlu MF 58 5 (8) 2005-2008
44%
1 Tugay Kerimoğlu MF 233 11 (14) 2001-2009
41%
15 Hakan Şükür FW 9 2 (1) 2002-2003
39%
2 Tuncay Şanlı MF, FW 127 20 (10) 2007-2012
37%
24 Halil Dervişoğlu MF, FW 1 0 (0) 2022-2023
32%
14 Yunus Emre Konak MF, FW 10 0 (0) 2024-2025
29%
3 Muzzy Izzet MF 114 14 (17) 2000-2001, 2003-2006
24%
9 Colin Kazim-Richards MF, FW 27 1 (3) 2006-2007
22%
21 Gökhan Töre MF, FW 5 0 (1) 2016-2017
22%
13 Okay Yokuşlu DF, MF 16 0 (1) 2020-2021
20%
6 Alpay Özalan DF 58 1 (0) 2000-2004
17%
19 Ozan Tufan DF, MF, FW 7 0 (0) 2021-2022
17%
10 Kerim Frei MF, FW 23 0 (0) 2011-2013
10%
25 Yıldıray Baştürk MF 1 0 (0) 2009-2010
10%
11 Jem Karacan MF 21 1 (1) 2012-2013
7%
23 Bülent Akın MF 1 0 (0) 2002-2003
5%
17 Hakan Ünsal DF 8 0 (2) 2001-2002
5%
No matching quizzes found
Score Distribution
Percent of People with Each Score
Percentile by Number Answered
Your Score History
You have not taken this quiz